Personnel management / (Record no. 40265)

MARC details
000 -LEADER
fixed length control field 00739nam a22002177a 4500
005 - DATE AND TIME OF LATEST TRANSACTION
control field 20100809112237.0
010 ## - LCCN (DPL NO)
LC control number ENG-98507
020 ## - INTERNATIONAL STANDARD BOOK NUMBER
International Standard Book Number 8180161080
Terms of availability 125.00
020 ## - INTERNATIONAL STANDARD BOOK NUMBER
International Standard Book Number 9788180161087
Terms of availability 125.00
035 ## - SYSTEM CONTROL NUMBER
System control number EN-82010
037 ## - SOURCE OF ACQUISITION
Source of stock number/acquisition DBAD/PUB
082 ## - DEWEY DECIMAL CLASSIFICATION NUMBER
Classification number 658.3
100 ## - MAIN ENTRY--PERSONAL NAME
Personal name Dhanaraj, S.
245 ## - TITLE STATEMENT
Title Personnel management /
Statement of responsibility, etc by S. Dhanaraj
260 ## - PUBLICATION, DISTRIBUTION, ETC. (IMPRINT)
Place of publication, distribution, etc Coimbatore
Name of publisher, distributor, etc Teachers Publishing House
Date of publication, distribution, etc 2008
270 ## - ADDRESS
Address 531, Avinashi Road, Peelamedu
City Coimbatore
Postal code 641004
300 ## - PHYSICAL DESCRIPTION
Extent 150p.
Dimensions 21cm (pbk)
650 ## - SUBJECT ADDED ENTRY--TOPICAL TERM
Topical term or geographic name as entry element Personnel management
942 ## - ADDED ENTRY ELEMENTS (KOHA)
Source of classification or shelving scheme Dewey Decimal Classification
Item type English Books
Classification part 658.3
Call number suffix DHA
Holdings
Withdrawn status Lost status Not for loan Collection code Home library Current library Date acquired Cost, normal purchase price Full call number Barcode Copy number Cost, replacement price Koha item type
    Not For Loan Non-fiction D.B.Act.Division D.B.Act.Division 09/08/2010 125.00 658.3 DHA EN-82040 1 125.00 English Books

© Delhi Public Library
Hit Counter
free hit counter